[Event "Posadas Misionera op"]
[Site "Posadas"]
[Date "2022.08.14"]
[Round "4"]
[White "Cantero, Carlos Ramon"]
[Black "Martinez Cura, Fabricio"]
[Result "1-0"]
[WhiteElo "1943"]
[BlackElo "1551"]
[PlyCount "49"]
[EventDate "2022.08.13"]
[EventType "swiss"]
[EventRounds "6"]
[EventCountry "ARG"]
[SourceTitle "EXT 2023"]
[Source "ChessBase"]
[SourceDate "2022.10.05"]
[SourceVersion "1"]
[SourceVersionDate "2022.10.05"]
[SourceQuality "1"]

1. d4 Nf6 2. Bg5 Ne4 3. Bf4 e6 4. f3 Nf6 5. e4 d5 6. Bd3 c5 7. c3 Be7 8. Ne2 Nc6 9. e5 Nd7 10. Be3 cxd4 11. cxd4 Nb4 12. 0-0 Nxd3 13. Qxd3 b6 14. Nbc3 0-0 15. f4 f6 16. Kh1 Qe8 17. f5 Bb4 18. fxe6 Nb8 19. Nxd5 Ba6 20. Qb3 Bxe2 21. exf6 Qh5 22. Nf4 Qb5 23. Nxe2 Rxf6 24. e7+ Kh8 25. Qxb4 1-0